| 000 | 01380cam a2200373 a 4500 | ||
|---|---|---|---|
| 001 | 2408 | ||
| 003 | FISKH | ||
| 005 | 20231124143455.0 | ||
| 008 | 900418s1991 nyuab j b 001 0beng | ||
| 010 | _a 90008496 | ||
| 020 | _a0590441639 | ||
| 020 | _a059044154X (pbk.) | ||
| 040 |
_aDLC _cDLC _dDLC |
||
| 043 | _af-sa--- | ||
| 050 | 0 | 0 |
_aDT1949.M35 _bD46 1991 |
| 082 | 0 | 0 |
_a324.268/083/092 _aB _220 |
| 100 | 1 | _aDenenberg, Barry. | |
| 245 | 1 | 0 |
_aNelson Mandela : _b"no easy walk to freedom" / _cA biography by Barry Denenberg. |
| 250 | _aPublished by Scholastic in 2014 | ||
| 260 |
_aNew York : _bScholastic, _c1991. |
||
| 300 |
_a232 pages : _billustrations, maps ; _c20 cm |
||
| 505 | _aZ' | ||
| 520 | _aRecounts the life, imprisonment, and leadership role of Nelson Mandela. | ||
| 521 | 8 |
_a950
_bLexile |
|
| 521 | 8 |
_aZ'
_bRaz-Plus |
|
| 600 | 1 | 0 |
_aMandela, Nelson, _d1918-2013 _vJuvenile literature. |
| 610 | 2 | 0 |
_aAfrican National Congress _vBiography _vJuvenile literature. |
| 650 | 0 |
_aCivil rights workers _zSouth Africa _vBiography _vJuvenile literature. |
|
| 650 | 0 |
_aAnti-apartheid movements _zSouth Africa _vJuvenile literature. |
|
| 650 | 0 |
_aPolitical prisoners _zSouth Africa _vJuvenile literature _vBiography. |
|
| 651 | 0 |
_aSouth Africa _vBiography _vJuvenile literature. |
|
| 906 |
_a7 _bcbu _corignew _d1 _eocip _f19 _gy-gencatlg |
||
| 942 |
_2ddc _cBK _n0 |
||
| 999 |
_c2408 _d2408 |
||